UNIX administration: A comprehensive sourcebook for effective systems and network management

Αποθηκεύτηκε σε:
Λεπτομέρειες βιβλιογραφικής εγγραφής
Κύριος συγγραφέας: Bozidar Levi
Μορφή: Βιβλίο
Γλώσσα:Undetermined
Έκδοση: Boca Raton, FL CRC 2002
Θέματα:
Ετικέτες: Προσθήκη ετικέτας
Δεν υπάρχουν, Καταχωρήστε ετικέτα πρώτοι!
Thư viện lưu trữ: Trung tâm Học liệu Trường Đại học Cần Thơ
LEADER 00569nam a2200181Ia 4500
001 CTU_58154
008 210402s9999 xx 000 0 und d
082 |a 005.428 
082 |b L664 
100 |a Bozidar Levi 
245 0 |a UNIX administration: A comprehensive sourcebook for effective systems and network management 
245 0 |c Bozidar Levi 
260 |a Boca Raton, FL 
260 |b CRC 
260 |c 2002 
650 |a operating systems ( computers ),unix system V ( computer file ) 
904 |i Minh 
980 |a Trung tâm Học liệu Trường Đại học Cần Thơ